पालि-हिन्दी कोश / (Record no. 121873)

MARC details
000 -LEADER
fixed length control field 01103nam a22002777a 4500
005 - DATE AND TIME OF LATEST TRANSACTION
control field 20170124103221.0
010 ## - LIBRARY OF CONGRESS CONTROL NUMBER
LC control number A-677621
020 ## - INTERNATIONAL STANDARD BOOK NUMBER
Terms of availability 150.00
035 ## - SYSTEM CONTROL NUMBER
System control number A-677621
037 ## - SOURCE OF ACQUISITION
Source of stock number/acquisition Cen Lib/Ret
040 ## - CATALOGING SOURCE
Original cataloging agency DPL
Language of cataloging HN
082 ## - DEWEY DECIMAL CLASSIFICATION NUMBER
Classification number 419.232
Item number कौसल्या
100 ## - MAIN ENTRY--PERSONAL NAME
Personal name कौसल्यायन, भदन्त आनन्द
9 (RLIN) 42531
245 ## - TITLE STATEMENT
Title पालि-हिन्दी कोश /
Statement of responsibility, etc भदन्त आनन्द कौसल्यायन
246 ## - VARYING FORM OF TITLE
Title proper/short title Pali-Hindi kosh /
250 ## - EDITION STATEMENT
Edition statement 2nd ed
260 ## - PUBLICATION, DISTRIBUTION, ETC. (IMPRINT)
Place of publication, distribution, etc नागपुर
Name of publisher, distributor, etc सुगत प्रकाशन
Date of publication, distribution, etc 1982
270 ## - ADDRESS
Address 780, वैशाली नगर
City नागपुर
Postal code 440027
300 ## - PHYSICAL DESCRIPTION
Extent 367पृ.
Dimensions 21सेमी(सजिल्द)
500 ## - GENERAL NOTE
General note अनुक्रमणिका शामिल
650 ## - SUBJECT ADDED ENTRY--TOPICAL TERM
Topical term or geographic name as entry element हिंदी साहित्य
9 (RLIN) 114500
650 ## - SUBJECT ADDED ENTRY--TOPICAL TERM
Topical term or geographic name as entry element पाली-हिंदी कोश
9 (RLIN) 54127
650 ## - SUBJECT ADDED ENTRY--TOPICAL TERM
Topical term or geographic name as entry element Hindi literature
9 (RLIN) 114501
650 ## - SUBJECT ADDED ENTRY--TOPICAL TERM
Topical term or geographic name as entry element Pali-Hindi dictionary
9 (RLIN) 101497
942 ## - ADDED ENTRY ELEMENTS (KOHA)
Source of classification or shelving scheme Dewey Decimal Classification
Koha item type Hindi Books
Classification part 419.232
Call number suffix कौसल्या
Holdings
Withdrawn status Lost status Damaged status Not for loan Home library Current library Date acquired Source of acquisition Cost, normal purchase price Total Checkouts Full call number Barcode Date last seen Copy number Cost, replacement price Price effective from Koha item type
        Central Library Central Library 13/10/2015 Cen Lib/Ret 150.00   419.232 कौसल्या A-677621 13/10/2015 1 150.00 13/10/2015 Hindi Books

© Delhi Public Library
Hit Counter
free hit counter